000
00259nam a2200097Ia 4500
008
190216s9999||||xx |||||||||||||| ||und||
100
_a
Veliyanad
245
0
_a
Vishishta Apekshikatha Siddanthathin Oru Amooka Padanam
260
_b
Kerala Basha Inst
942
_c
BK
999
_c
37613
_d
37613